000 00824nam a2200217 a 4500
003 0
005 20250528100518.0
008 021128s19uu xx 00 eng d
050 _aPGS HF 5415.33
_b.N456 2001
100 _aNery, Joseph Nolan A.
245 _aA study on the view of selected consumers on buying pirated CD'S /
_cJoseph Nolan A. Nery.
260 _aLas PiƱas City, Philippines :
_bSouthville International School and Colleges,
_c2001.
300 _a22 pages :
_billustrations ;
_c28 cm.
504 _aIncludes bibliographical references.
650 _aPirated products
_vPublic opinion.
650 _aCompact discs
_vPirated editions.
650 _aCopyright infringement.
650 _aIntellectual property
_vPublic opinion.
650 _aSound recordings
_vPirated editions.
942 _2lcc
_cPASS
999 _c96468
_d96468